000 00235nam a22000857a 4500
008 161227b xxu||||| |||| 00| 0 eng d
100 _92169
_aBruylants.S.J
245 _aDiscovering My self -5
260 _aNew Delhi
_bChildrens Book Trust
_c2011
999 _c5058
_d5058